000
00237nam a2200097Ia 4500
001
1100008
005
20250827003231.0
008
250824s9999 xx 000 0 und d
245
0
_a
BEN BENİM
_c
EDDİ ANTER
260
_b
DESTEK YAYINLARI
999
_c
1100008
_d
1100008